[Event "Reunion IBM op"]
[Site "Reunion"]
[Date "1997.??.??"]
[Round "4"]
[White "Francoise, A."]
[Black "Frank, Albert"]
[Result "0-1"]
[WhiteElo "1710"]
[BlackElo "2040"]
[PlyCount "58"]
[EventDate "1997.??.??"]
[EventType "swiss"]
[EventRounds "9"]
[EventCountry "RUF"]
[SourceTitle "EXT 1998"]
[Source "ChessBase"]
[SourceDate "1997.11.17"]
[SourceVersion "1"]
[SourceVersionDate "1997.11.17"]
[SourceQuality "1"]

1. d4 Nf6 2. c4 e6 3. Nf3 c5 4. d5 exd5 5. cxd5 b5 6. Qd3 c4 7. Qd4 Bb4+ 8. Bd2 Qe7 9. a3 Bc5 10. Qh4 Nxd5 11. Qxe7+ Bxe7 12. Nc3 Nxc3 13. Bxc3 0-0 14. Nd4 a6 15. Nf5 Bf6 16. Bxf6 gxf6 17. Ne7+ Kh8 18. Nxc8 Rxc8 19. g3 Ra7 20. Bh3 Re8 21. Rd1 Re7 22. Rd6 Kg7 23. e3 Nc6 24. Bxd7 Rexd7 25. Rxc6 Rd3 26. a4 Rb3 27. axb5 axb5 28. 0-0 Rxb2 29. Rc5 Rd7 0-1